Cristología
Zapisane w:
| 1. autor: | |
|---|---|
| Format: | Książka |
| Język: | hiszpański |
| Wydane: |
Madrid
Biblioteca de Autores Cristianos
2001
|
| Wydanie: | 1a. ed |
| Seria: | Sapientia Fidei. Serie de Manuales de Teología, 24
|
| Hasła przedmiotowe: | |
| Etykiety: |
Dodaj etykietę
Nie ma etykietki, Dołącz pierwszą etykiete!
|
MARC
| LEADER | 00000nam a2200000 a 4500 | ||
|---|---|---|---|
| 001 | UCJ0791 | ||
| 003 | CL-VaPUC | ||
| 008 | 060908e20010000SP |||||||||||||||||spa|d | ||
| 020 | |a 8479145633 | ||
| 082 | 0 | 4 | |a 232 |b GON |2 21 |
| 100 | 0 | |a González de Cardedal, Olegario |e author |9 495813 | |
| 245 | 1 | 0 | |a Cristología |
| 250 | |a 1a. ed | ||
| 300 | |a 601 p | ||
| 942 | |c BK | ||
| 945 | |d 20060908 00:00:00 |a cmena | ||
| 260 | |a Madrid |b Biblioteca de Autores Cristianos |c 2001 | ||
| 600 | 0 | 7 | |a BIBLIA |2 CL-VaPUC |9 399806 |
| 650 | 0 | |a Textos sagrados |9 257605 | |
| 650 | 0 | |a Cristología |9 315091 | |
| 583 | |a last modification |c 20140408 11:57:40 |k Rodrigo Vera | ||
| 490 | 0 | |a Sapientia Fidei. Serie de Manuales de Teología, 24 | |
| 999 | |c 317546 |d 317544 | ||
| 952 | |0 0 |1 0 |4 0 |6 232_000000000000000_GON_2001 |7 0 |8 A |9 394028 |a BIBTEO |b BIBTEO |d 2019-11-22 |i 4272471 |o 232 GON 2001 |p 4272471 |r 2025-01-17 |w 2019-11-22 |y BK |k ICR | ||
| 952 | |0 0 |1 0 |4 0 |6 232_000000000000000_GON_2001 |7 0 |8 A |9 394029 |a BIBTEO |b BIBTEO |d 2019-11-22 |i 427248K |l 1 |o 232 GON 2001 |p 427248K |r 2025-01-17 |s 2023-05-31 |w 2019-11-22 |y BK |k ICR | ||